000 00399pab a2200169 454500
008 180718b2007 xxu||||| |||| 00| 0 eng d
100 _aMishra, Anurag
245 _aParenting advantage in business groups of emerging markets
260 _c2007
300 _ap.1-10.
362 _aJul-Sep
650 _aEnterprises
700 _aAkbar, M.
773 _aVision
908 _aN
909 _a76348
999 _c76348
_d76348